El universo / (Record no. 20471)

000 -CABECERA
fixed length control field 00725nam a22002057a 4500
003 - IDENTIFICADOR DEL NÚMERO DE CONTROL
control field AR-CdUCM
008 - DATOS DE LONGITUD FIJA--INFORMACIÓN GENERAL
fixed length control field 190530b ||||| |||| 00| 0 spa d
040 ## - FUENTE DE LA CATALOGACIÓN
Agencia/entidad que catalogó originalmente la obra MUNICIPALIDAD PROVINCIAL DEL CUSCO
Entidad que transcribió la catalogación BIBLIOTECA MUNICIPAL DEL CUSCO
082 ## - NÚMERO DE LA CLASIFICACIÓN DECIMAL DEWEY
No. de Clasificación 508 /
Notacion interna B45
100 ## - ENTRADA PRINCIPAL--NOMBRE DE PERSONA
Nombre Personal Bergamini, David
245 ## - MENCIÓN DE TÍTULO
Título El universo /
260 ## - PUBLICACIÓN, DISTRIBUCIÓN, ETC.
Lugar de publicación, distribución, etc. México :
Nombre de la editorial, distribuidor, etc. Offset Multicolor,
Fecha de publicación, distribución, etc. 1966.
300 ## - DESCRIPCIÓN FÍSICA
Nº de Páginas Extensión 192 páginas;
Dimensiones 28 cm.
Otros detalles físicos Figuras.
440 ## - MENCIÓN DE SERIE/PUNTO DE ACCESO ADICIONAL--TÍTULO
Título Colección de la naturaleza de Life en español
9 (RLIN) 36260
505 ## - NOTA DE CONTENIDO CON FORMATO
Nota de contenido formateada Contenido: Mitos y conceptos equivocados -- Exploratorio del universo -- Planetas, Aerolitos y cometas...
650 ## - PUNTO DE ACCESO ADICIONAL DE MATERIA--TÉRMINO DE MATERIA
Descriptor Astronomía
9 (RLIN) 20572
650 ## - PUNTO DE ACCESO ADICIONAL DE MATERIA--TÉRMINO DE MATERIA
Descriptor Cosmología
9 (RLIN) 13090
942 ## - ELEMENTOS DE PUNTO DE ACCESO ADICIONAL (KOHA)
Fuente de clasificación
Tipo de item Libros-BMC
945 ## - PROCESAMIENTO DE INFORMACIÓN LOCAL (OCLC)
Catalogador rcc
Holdings
Estado de retiro (separado) Fuente de clasificación o esquema de estanterías Estado dañado Ubicación Sala donde se ubica Nombre de la colección Fecha de adquisición o compra Costo, precio normal en soles Signatura topográfica Código de Barras Última vez visto (Koha) Tipo de ítem (Koha)
No     Sala Ciencias Sala Ciencias Book Cart 2019-05-30 45.00 508 / B45 SC0000002009 2019-05-30 Libros-BMC
No     Sala Ciencias Sala Ciencias Book Cart 2019-06-05 25.00 508 / B45 / ej.2 SC0000002058 2019-06-05 Libros-BMC

Powered by Koha